000 00936nam a22003017a 4500
001 BR7902408
003 BR-BrBNA
005 20230928090009.0
007 ta
008 230509b bl.||||| |||| 00| 0 por d
040 _aBR-BrBNA
_bpor
_cBiblioteca Nacional de Agricultura
041 _a(Por)
072 _aF25; F00; H20
_b1850
_b/G514
090 _ 1850 BR7902408
100 1 _aSoares, J.M.
100 1 _aFaria, C.M.B.
245 1 _aInfluencia de metodos de irrigacao e sistema de adubacao na cultura do tomate industrial [doenca de planta; podridao estilar; Lycopersicum esculentum; Brasil]
260 3 _aPetrolina, PE (Brasil):
_c[nd].
300 _a22 p.
500 _a5 tables; 15 ref.; Summaries (Eng, Por); Published 1978?
650 _aTOMATE
650 _aCULTURA IRRIGADA
650 _aADUBACAO
650 _aPODRIDAO ESTILAR
650 _aRENDIMENTO
909 _a202309
_bLucia
_c55
_dLucia Elande
942 _cBK
999 _c27364
_d27364